[Event "1st 4NCL Easter Congress"]
[Site "Stevenage"]
[Date "2019.04.20"]
[Round "3"]
[Board "19"]
[White "Taylor, Robert K"]
[Black "Simpson, Derek"]
[Result "1/2-1/2"]
[WhiteElo "1982"]
[BlackElo "1668"]
[PlyCount "0"]
[EventDate "2019.04.19"]
[EventRounds "7"]
[EventCountry "ENG"]

1. e4 {[%clk 01:30:59]} {[%emt 00:00:43]} e6 {[%clk 01:30:42]} 2. c4 {[%clk
01:30:29]} d5 {[%clk 01:30:52]} 3. exd5 {[%clk 01:30:53]} exd5 {[%clk
01:31:10]} 4. cxd5 {[%clk 01:31:19]} Qxd5 {[%clk 01:31:23]} 5. Nc3 {[%clk
01:31:39]} Qd8 {[%clk 01:30:34]} 6. d4 {[%clk 01:30:43]} Nf6 {[%clk 01:30:40]}
7. Nf3 {[%clk 01:29:46]} Bb4 {[%clk 01:30:32]} 8. Qb3 {[%clk 01:22:55]} Qe7+
{[%clk 01:26:11]} 9. Be2 {[%clk 01:23:08]} Be6 {[%clk 01:26:35]} 10. Qc2 {[%clk
01:22:55]} Bc4 {[%clk 01:25:58]} 11. O-O {[%clk 01:22:42]} Bxe2 {[%clk
01:23:52]} 12. Re1 {[%clk 01:22:46]} O-O {[%clk 01:21:32]} 13. Rxe2 {[%clk
01:23:00]} Qd6 {[%clk 01:20:34]} 14. a3 {[%clk 01:20:22]} Bxc3 {[%clk
01:19:04]} 15. bxc3 {[%clk 01:20:32]} Nbd7 {[%clk 01:17:30]} 16. Bb2 {[%clk
01:16:05]} Rfe8 {[%clk 01:15:00]} 17. Rae1 {[%clk 01:14:27]} Rxe2 {[%clk
01:15:09]} 18. Rxe2 {[%clk 01:13:48]} Re8 {[%clk 01:14:54]} 19. c4 {[%clk
01:07:25]} Rxe2 {[%clk 01:12:51]} 20. Qxe2 {[%clk 01:07:50]} Kf8 {[%clk
01:12:31]} 21. g3 {[%clk 01:03:38]} Qe7 {[%clk 01:11:55]} {[%emt 00:00:20]} 22.
Kf1 {[%clk 01:00:23]} {[%emt 00:03:46]} Qxe2+ {[%clk 01:10:17]} {[%emt
00:02:08]} 23. Kxe2 {[%clk 01:00:52]} {[%emt 00:00:02]} c6 {[%clk 01:07:47]}
{[%emt 00:02:59]} 24. Nd2 {[%clk 00:59:05]} {[%emt 00:02:17]} Ke7 {[%clk
01:05:19]} {[%emt 00:02:58]} 25. f3 {[%clk 00:59:24]} {[%emt 00:00:11]} Ke6
{[%clk 01:02:48]} {[%emt 00:03:02]} 26. Nb3 {[%clk 00:57:17]} {[%emt 00:02:36]}
b6 {[%clk 01:02:44]} {[%emt 00:00:35]} 27. Bc1 {[%clk 00:56:53]} {[%emt
00:00:53]} Ne8 {[%clk 00:56:10]} {[%emt 00:07:03]} 28. a4 {[%clk 00:55:08]}
{[%emt 00:02:17]} Nd6 {[%clk 00:55:29]} {[%emt 00:01:11]} 29. Kd3 {[%clk
00:55:28]} {[%emt 00:00:09]} f5 {[%clk 00:54:57]} {[%emt 00:01:01]} 30. Bf4
{[%clk 00:52:07]} {[%emt 00:04:55]} Nf7 {[%clk 00:53:03]} {[%emt 00:01:20]} 31.
Bc7 {[%clk 00:48:03]} {[%emt 00:04:34]} Ng5 {[%clk 00:46:57]} {[%emt 00:06:36]}
32. Nd2 {[%clk 00:43:21]} {[%emt 00:05:12]} g6 {[%clk 00:46:52]} {[%emt
00:00:36]} 33. a5 {[%clk 00:42:29]} {[%emt 00:01:22]} Nf7 {[%clk 00:46:22]}
{[%emt 00:00:59]} 34. Nb3 {[%clk 00:41:33]} {[%emt 00:01:26]} Ng5 {[%clk
00:45:47]} {[%emt 00:01:05]} 35. Ke3 {[%clk 00:39:27]} {[%emt 00:02:36]} Nf7
{[%clk 00:44:42]} {[%emt 00:01:35]} 36. h4 {[%clk 00:29:58]} {[%emt 00:09:59]}
h6 {[%clk 00:40:44]} {[%emt 00:04:27]} 37. Nc1  1/2-1/2

[Event "1st 4NCL Easter Congress"]
[Site "Stevenage"]
[Date "2019.04.20"]
[Round "3"]
[Board "20"]
[White "Rahulan, Thivyaa"]
[Black "Vaidya, Raghav"]
[Result "1-0"]
[WhiteElo "1889"]
[BlackElo "1438"]
[PlyCount "0"]
[EventDate "2019.04.19"]
[EventRounds "7"]
[EventCountry "ENG"]

1. e4 {[%clk 01:30:52]} {[%emt 00:03:52]} c5 {[%clk 01:29:33]} 2. Nf3 {[%clk
01:31:14]} Nc6 {[%clk 01:29:57]} 3. d4 {[%clk 01:31:28]} cxd4 {[%clk 01:30:22]}
4. Nxd4 {[%clk 01:31:49]} Nf6 {[%clk 01:30:41]} 5. Nc3 {[%clk 01:32:11]} e5
{[%clk 01:31:02]} 6. Ndb5 {[%clk 01:30:42]} d6 {[%clk 01:31:22]} 7. Bg5 {[%clk
01:30:25]} a6 {[%clk 01:31:17]} 8. Na3 {[%clk 01:27:57]} b5 {[%clk 01:31:16]} 9.
Nd5 {[%clk 01:27:56]} Be7 {[%clk 01:30:57]} 10. Bxf6 {[%clk 01:28:15]} Bxf6
{[%clk 01:31:11]} 11. Be2 {[%clk 01:27:59]} Bg5 {[%clk 01:28:04]} 12. c3 {[%clk
01:27:53]} Rb8 {[%clk 01:26:51]} 13. Nc2 {[%clk 01:25:15]} O-O {[%clk
01:24:26]} 14. O-O {[%clk 01:24:02]} Re8 {[%clk 01:21:27]} 15. Bg4 {[%clk
01:17:11]} a5 {[%clk 01:15:13]} 16. Bxc8 {[%clk 01:15:19]} Qxc8 {[%clk
01:12:46]} 17. Qd3 {[%clk 01:06:55]} Re6 18. Nce3 {[%clk 01:01:09]} Bxe3 {[%clk
01:05:55]} 19. Nxe3 {[%clk 01:00:56]} b4 {[%clk 01:05:15]} 20. Rac1 {[%clk
00:56:18]} Qb7 {[%clk 00:55:03]} 21. c4 {[%clk 00:46:00]} Rd8 {[%clk 00:49:09]}
{[%emt 00:02:16]} 22. Rfd1 {[%clk 00:44:42]} {[%emt 00:02:02]} Nd4 {[%clk
00:48:16]} {[%emt 00:01:09]} 23. Nc2 {[%clk 00:44:38]} {[%emt 00:00:50]} Nc6
{[%clk 00:45:03]} {[%emt 00:03:41]} 24. Ne1 {[%clk 00:43:54]} {[%emt 00:01:14]}
h6 {[%clk 00:42:10]} {[%emt 00:03:24]} 25. Rd2 {[%clk 00:43:10]} {[%emt
00:01:14]} Qc7 {[%clk 00:39:01]} {[%emt 00:03:37]} 26. Nf3 {[%clk 00:42:19]}
{[%emt 00:01:22]} Ree8 {[%clk 00:33:14]} {[%emt 00:06:16]} 27. Qe3 {[%clk
00:39:53]} {[%emt 00:02:57]} Rd7 {[%clk 00:31:25]} {[%emt 00:02:12]} 28. h3
{[%clk 00:38:27]} {[%emt 00:02:03]} Rb8 {[%clk 00:30:31]} {[%emt 00:01:25]} 29.
b3 {[%clk 00:35:07]} {[%emt 00:03:50]} Rbd8 {[%clk 00:30:10]} {[%emt 00:00:47]}
30. Rcd1 {[%clk 00:34:55]} {[%emt 00:00:46]} Re7 {[%clk 00:29:54]} {[%emt
00:00:45]} 31. Rd3 {[%clk 00:33:38]} {[%emt 00:01:47]} Re6 {[%clk 00:30:00]}
{[%emt 00:00:18]} 32. Nh4 Nd4 {[%clk 00:30:00]} 33. Nf5 Nxf5 {[%clk 00:30:00]}
34. exf5 Rf6 {[%clk 00:30:00]} 35. g4 Kf8 {[%clk 00:30:00]} 36. Rd5 Re8 {[%clk
00:30:00]} 37. Qd2 Rd8 {[%clk 00:30:00]} 38. Rxe5 Rc8 {[%clk 00:30:00]} 39. Rd5
Rd8 {[%clk 00:30:00]} 40. c5 Ke7 {[%clk 00:30:00]} 41. Re1+ Kf8 {[%clk
00:30:00]} 42. Rc1 Qb8 {[%clk 00:30:00]} 43. c6 Qc7 {[%clk 00:30:00]} 44. Rb5
Rb8 {[%clk 00:30:00]} 45. Rxb8+ Qxb8 {[%clk 00:30:00]} 46. c7 Qc8 {[%clk
00:30:00]} 47. Qd5 Ke7 {[%clk 00:30:00]} 48. Qb5  1-0

[Event "1st 4NCL Easter Congress"]
[Site "Stevenage"]
[Date "2019.04.20"]
[Round "3"]
[Board "21"]
[White "Verma, Shlok"]
[Black "Varley, Joe"]
[Result "1-0"]
[WhiteElo "1696"]
[BlackElo "1787"]
[PlyCount "0"]
[EventDate "2019.04.19"]
[EventRounds "7"]
[EventCountry "ENG"]

1. d4 {[%clk 01:30:51]} {[%emt 00:02:33]} Nf6 {[%clk 01:30:55]} 2. c4 {[%clk
01:31:15]} g6 {[%clk 01:31:19]} 3. Nc3 {[%clk 01:31:36]} d5 {[%clk 01:31:42]} 4.
cxd5 {[%clk 01:31:50]} Nxd5 {[%clk 01:32:04]} 5. Nf3 {[%clk 01:32:07]} Bg7
{[%clk 01:31:45]} 6. e3 {[%clk 01:31:52]} c5 {[%clk 01:28:05]} 7. Be2 {[%clk
01:31:17]} Nc6 {[%clk 01:28:07]} 8. Bc4 {[%clk 01:25:31]} Be6 {[%clk 01:20:49]}
9. Bxd5 {[%clk 01:12:05]} Bxd5 {[%clk 01:21:09]} 10. e4 {[%clk 01:10:40]} Bc4
{[%clk 01:17:38]} 11. dxc5 {[%clk 01:07:46]} Qa5 {[%clk 01:16:01]} 12. Bd2
{[%clk 01:03:57]} Nb4 {[%clk 01:11:13]} 13. Ne2 {[%clk 00:58:39]} Nd3+ {[%clk
01:10:02]} 14. Kf1 Qxc5 {[%clk 01:07:19]} 15. Be3 {[%clk 00:58:39]} Qb5 {[%clk
01:06:47]} 16. b3 Nb2 {[%clk 00:43:45]} 17. Qe1 {[%clk 00:51:06]} Bd3 {[%clk
00:40:45]} 18. Bd4 {[%clk 00:48:22]} Bxd4 {[%clk 00:32:09]} {[%emt 00:06:31]}
19. Nfxd4 {[%clk 00:48:37]} {[%emt 00:00:15]} Qe5 {[%clk 00:30:21]} {[%emt
00:02:16]} 20. Qc3 {[%clk 00:47:07]} {[%emt 00:02:01]} Rd8 {[%clk 00:27:35]}
{[%emt 00:03:16]} 21. Qxb2 {[%clk 00:46:02]} {[%emt 00:01:35]} Bxe2+ {[%clk
00:26:17]} {[%emt 00:01:48]} 22. Qxe2 {[%clk 00:44:33]} {[%emt 00:02:00]} Qxd4
{[%clk 00:25:27]} {[%emt 00:01:20]} 23. Re1 {[%clk 00:44:50]} {[%emt 00:00:13]}
O-O {[%clk 00:24:47]} {[%emt 00:01:10]} 24. g3 {[%clk 00:44:59]} {[%emt
00:00:20]} Qb4 {[%clk 00:23:27]} {[%emt 00:01:50]} 25. Qe3 {[%clk 00:44:01]}
{[%emt 00:01:29]} Rd2 {[%clk 00:21:31]} {[%emt 00:02:24]} 26. Qxa7 {[%clk
00:38:08]} {[%emt 00:06:24]} Rc8 {[%clk 00:21:15]} {[%emt 00:00:45]} 27. Kg2
{[%clk 00:38:01]} {[%emt 00:00:39]} Rcc2 {[%emt 00:00:56]} 28. Qb8+ Kg7 29.
Qe5+ f6 30. Qf4 Qd4 31. Re3 e5 32. Qf3 Qb2 33. Rf1 Qxa2 34. Rd3 Kf7 35. Rxd2
Rxd2 36. Qc3 Qc2 37. Qb4 Rd7 38. Ra1 Qb2 39. Ra8 Re7 40. Qc4+ Re6 41. Ra7 Qd4
42. Rxb7+ Kf8 43. Rb8+ Kf7 44. Rb7+ Kf8 45. Qc7 Qxe4+ 46. f3 Qe2+ 47. Kh3 Qf1+
48. Kh4 g5+ 49. Kg4 h5+ 50. Kf5 Qh3+ 51. Kg6 f5+ 52. Kh7  1-0

[Event "1st 4NCL Easter Congress"]
[Site "Stevenage"]
[Date "2019.04.21"]
[Round "4"]
[Board "1"]
[White "Hebden, Mark L"]
[Black "Gormally, Daniel W"]
[Result "1-0"]
[WhiteElo "2420"]
[BlackElo "2509"]
[PlyCount "0"]
[EventDate "2019.04.19"]
[EventRounds "7"]
[EventCountry "ENG"]

1. d4 {[%clk 01:30:54]} {[%emt 00:00:05]} d5 {[%clk 01:30:54]} {[%emt
00:00:06]} 2. c4 {[%clk 01:30:43]} {[%emt 00:00:40]} c6 {[%clk 01:31:13]}
{[%emt 00:00:12]} 3. Nf3 {[%clk 01:30:55]} {[%emt 00:00:18]} Nf6 {[%clk
01:31:35]} {[%emt 00:00:08]} 4. e3 {[%clk 01:31:08]} {[%emt 00:00:17]} a6
{[%clk 01:32:01]} {[%emt 00:00:05]} 5. Bd2 {[%clk 01:29:13]} {[%emt 00:02:24]}
Ne4 {[%clk 01:31:45]} {[%emt 00:00:45]} 6. Nc3 {[%clk 01:28:18]} {[%emt
00:01:26]} Nxd2 {[%clk 01:32:07]} {[%emt 00:00:09]} 7. Nxd2 {[%clk 01:27:01]}
{[%emt 00:01:47]} e6 {[%clk 01:31:25]} {[%emt 00:01:12]} 8. Rc1 {[%clk
01:25:47]} {[%emt 00:01:44]} Nd7 {[%clk 01:30:11]} {[%emt 00:01:44]} 9. Be2
{[%clk 01:23:31]} {[%emt 00:02:45]} Be7 {[%clk 01:28:21]} {[%emt 00:02:20]} 10.
O-O {[%clk 01:23:14]} {[%emt 00:00:47]} O-O {[%clk 01:28:37]} {[%emt 00:00:15]}
11. a3 {[%clk 01:23:03]} {[%emt 00:00:41]} b5 {[%clk 01:18:15]} {[%emt
00:10:52]} 12. cxd5 {[%clk 01:21:37]} {[%emt 00:01:56]} cxd5 {[%clk 01:15:55]}
{[%emt 00:02:50]} 13. a4 {[%clk 01:21:40]} {[%emt 00:00:27]} b4 {[%clk
01:10:07]} {[%emt 00:06:18]} 14. Na2 {[%clk 01:21:42]} {[%emt 00:00:27]} Bd6
{[%clk 01:07:02]} {[%emt 00:03:35]} 15. Nb3 {[%clk 01:21:08]} {[%emt 00:01:04]}
a5 {[%clk 01:07:25]} {[%emt 00:00:07]} 16. Bb5 {[%clk 01:20:02]} {[%emt
00:01:36]} Nf6 {[%clk 01:04:14]} {[%emt 00:03:42]} 17. Qe2 {[%clk 01:11:34]}
{[%emt 00:08:58]} e5 {[%clk 01:03:55]} {[%emt 00:00:49]} 18. dxe5 {[%clk
01:10:09]} {[%emt 00:01:55]} Bxe5 {[%clk 01:04:19]} {[%emt 00:00:06]} 19. Nd4
{[%clk 01:10:03]} {[%emt 00:00:35]} Qb6 {[%clk 00:56:41]} {[%emt 00:08:09]} 20.
Rfd1 {[%clk 01:04:34]} {[%emt 00:05:59]} Bg4 {[%clk 00:54:56]} {[%emt
00:02:16]} 21. f3 {[%clk 01:03:53]} {[%emt 00:01:11]} Bh5 {[%clk 00:51:35]}
{[%emt 00:03:51]} 22. Rc6 {[%clk 00:54:17]} {[%emt 00:10:06]} Qb8 {[%clk
00:49:50]} {[%emt 00:02:16]} 23. g3 {[%clk 00:51:29]} {[%emt 00:03:17]} Bg6
{[%clk 00:42:56]} {[%emt 00:07:24]} 24. Nc1 {[%clk 00:50:24]} {[%emt 00:01:36]}
h5 {[%clk 00:43:23]} {[%emt 00:00:02]} 25. Ncb3 {[%clk 00:49:25]} {[%emt
00:01:28]} h4 {[%clk 00:42:32]} {[%emt 00:01:21]} 26. g4 {[%clk 00:49:18]}
{[%emt 00:00:38]} Rc8 {[%clk 00:37:22]} {[%emt 00:05:40]} 27. Rdc1 {[%clk
00:45:39]} {[%emt 00:04:09]} Rc7 {[%clk 00:33:07]} {[%emt 00:04:45]} 28. f4
{[%clk 00:42:20]} {[%emt 00:03:48]} Bd6 {[%clk 00:31:57]} {[%emt 00:01:40]} 29.
f5 {[%clk 00:42:31]} {[%emt 00:00:19]} Bh7 {[%clk 00:32:24]} {[%emt 00:00:03]}
30. Rxc7 {[%clk 00:40:29]} {[%emt 00:02:33]} Bxc7 {[%clk 00:31:52]} {[%emt
00:01:02]} 31. Bc6 {[%clk 00:40:52]} {[%emt 00:00:06]} Ra7 {[%clk 00:30:52]}
{[%emt 00:01:31]} 32. g5 {[%clk 00:39:10]} {[%emt 00:02:11]} Ne8 {[%clk
00:30:35]} {[%emt 00:00:47]} 33. Bxd5 {[%clk 00:37:24]} {[%emt 00:02:16]} Qd8
{[%clk 00:31:00]} {[%emt 00:00:06]} 34. Qg2 {[%clk 00:36:10]} {[%emt 00:01:44]}
Ra6 {[%clk 00:29:07]} {[%emt 00:02:23]} 35. Bc4 {[%clk 00:27:12]} {[%emt
00:09:28]} h3 {[%clk 00:27:27]} {[%emt 00:02:10]} 36. Qg4 {[%clk 00:27:17]}
{[%emt 00:00:25]}  1-0

[Event "1st 4NCL Easter Congress"]
[Site "Stevenage"]
[Date "2019.04.21"]
[Round "4"]
[Board "2"]
[White "Harvey, Marcus R"]
[Black "Isaakidis, Alexandros"]
[Result "1/2-1/2"]
[WhiteElo "2402"]
[BlackElo "2173"]
[PlyCount "0"]
[EventDate "2019.04.19"]
[EventRounds "7"]
[EventCountry "ENG"]

1. Nf3 {[%clk 01:26:13]} {[%emt 00:04:46]} g6 {[%clk 01:30:38]} {[%emt
00:00:22]} 2. d4 {[%clk 01:26:39]} {[%emt 00:00:04]} c5 {[%clk 01:31:02]}
{[%emt 00:00:05]} 3. c4 {[%clk 01:26:36]} {[%emt 00:00:34]} cxd4 {[%clk
01:31:21]} {[%emt 00:00:11]} 4. Nxd4 {[%clk 01:26:58]} {[%emt 00:00:08]} Bg7
{[%clk 01:31:41]} {[%emt 00:00:10]} 5. Nc3 {[%clk 01:27:14]} {[%emt 00:00:14]}
Nc6 {[%clk 01:31:35]} {[%emt 00:00:36]} 6. Nb3 {[%clk 01:24:08]} {[%emt
00:03:36]} a5 {[%clk 01:28:00]} {[%emt 00:04:04]} 7. Be3 {[%clk 01:23:15]}
{[%emt 00:01:24]} Bxc3+ {[%clk 01:19:21]} {[%emt 00:09:08]} 8. bxc3 {[%clk
01:23:40]} {[%emt 00:00:05]} a4 {[%clk 01:19:44]} {[%emt 00:00:07]} 9. Nd4
{[%clk 01:20:44]} {[%emt 00:03:26]} Nf6 {[%clk 01:16:41]} {[%emt 00:03:32]} 10.
Nxc6 {[%clk 01:18:15]} {[%emt 00:03:00]} bxc6 {[%clk 01:16:42]} {[%emt
00:00:29]} 11. Bd4 {[%clk 01:16:27]} {[%emt 00:02:18]} Qa5 {[%clk 01:15:49]}
{[%emt 00:01:22]} 12. Bxf6 {[%clk 01:15:34]} {[%emt 00:01:24]} exf6 {[%clk
01:16:09]} {[%emt 00:00:09]} 13. Qd4 {[%clk 01:16:00]} {[%emt 00:00:05]} Qe5
{[%clk 01:12:28]} {[%emt 00:04:11]} 14. Rb1 {[%clk 01:16:14]} {[%emt 00:00:16]}
O-O {[%clk 01:11:46]} {[%emt 00:01:11]} 15. Qxe5 {[%clk 01:15:33]} {[%emt
00:01:12]} fxe5 {[%clk 01:12:13]} {[%emt 00:00:02]} 16. e3 {[%clk 01:14:17]}
{[%emt 00:01:47]} Ba6 {[%clk 01:10:26]} {[%emt 00:02:17]} 17. Kd2 {[%clk
01:13:24]} {[%emt 00:01:23]} Rfb8 {[%clk 01:05:26]} {[%emt 00:05:29]} 18. Bd3
{[%clk 01:12:48]} {[%emt 00:01:07]} Kf8 {[%clk 01:01:31]} {[%emt 00:04:25]} 19.
c5 {[%clk 01:11:47]} {[%emt 00:01:31]} Bxd3 {[%clk 00:49:02]} {[%emt 00:12:59]}
20. Kxd3 {[%clk 01:12:16]} {[%emt 00:00:01]} Ke7 {[%clk 00:35:27]} {[%emt
00:14:05]} 21. Kc4 {[%clk 01:12:31]} {[%emt 00:00:16]} d5+ {[%clk 00:33:19]}
{[%emt 00:02:37]} 22. cxd6+ {[%clk 01:12:55]} {[%emt 00:00:07]} Kxd6 {[%clk
00:33:46]} {[%emt 00:00:04]} 23. Rhd1+ {[%clk 01:13:15]} {[%emt 00:00:10]} Kc7
{[%clk 00:34:07]} {[%emt 00:00:08]} 24. Rb4 {[%clk 01:13:24]} {[%emt 00:00:21]}
Rxb4+ {[%clk 00:26:04]} {[%emt 00:08:33]} 25. cxb4 {[%clk 01:13:25]} {[%emt
00:00:29]} Rb8 {[%clk 00:25:36]} {[%emt 00:00:58]} 26. Rd3 {[%clk 01:13:28]}
{[%emt 00:00:27]} f5 {[%clk 00:24:52]} {[%emt 00:01:13]} 27. h4 {[%clk
01:11:44]} {[%emt 00:02:15]} Rf8 {[%clk 00:22:56]} {[%emt 00:02:26]} 28. Kc5
{[%clk 01:11:07]} {[%emt 00:01:08]} Rb8 {[%clk 00:22:56]} {[%emt 00:00:30]} 29.
Rd2 {[%clk 01:05:17]} {[%emt 00:06:21]} Rb5+ {[%clk 00:22:55]} {[%emt
00:00:30]} 30. Kc4 {[%clk 01:05:46]} {[%emt 00:00:02]} Rb8 {[%clk 00:23:01]}
{[%emt 00:00:23]} 31. f3 {[%clk 01:06:05]} {[%emt 00:00:11]} Rb5 {[%clk
00:16:16]} {[%emt 00:07:15]} 32. Rd3 {[%clk 01:03:42]} {[%emt 00:02:53]} Rb8
{[%clk 00:16:14]} {[%emt 00:00:33]} 33. Ra3 {[%clk 01:02:03]} {[%emt 00:02:09]}
Ra8 {[%clk 00:13:13]} {[%emt 00:03:31]} 34. Kc5 {[%clk 01:00:25]} {[%emt
00:02:08]} Ra7 {[%clk 00:13:31]} {[%emt 00:00:12]} 35. g3 {[%clk 00:58:57]}
{[%emt 00:01:58]} Ra8 {[%clk 00:13:06]} {[%emt 00:00:56]} 36. e4 {[%clk
00:59:20]} {[%emt 00:00:07]} h5 {[%clk 00:10:49]} {[%emt 00:02:46]} 37. exf5
{[%clk 00:54:18]} {[%emt 00:05:32]} gxf5 {[%emt 00:00:08]} 38. Re3 {[%clk
00:54:41]} Rb8 {[%clk 00:06:40]} {[%emt 00:05:08]} 39. Rxe5 {[%clk 00:55:07]}
{[%emt 00:00:05]} Rb5+ {[%clk 00:07:09]} {[%emt 00:00:01]} 40. Kd4 {[%clk
00:55:32]} {[%emt 00:00:05]} Rxb4+ {[%clk 00:07:24]} {[%emt 00:00:15]} 41. Kc3
{[%clk 00:56:00]} {[%emt 00:00:02]} Rb5 {[%clk 00:05:38]} {[%emt 00:02:16]} 42.
Re7+ {[%clk 00:56:26]} {[%emt 00:00:04]} Kb6 {[%clk 00:04:04]} {[%emt
00:02:04]} 43. Rh7 {[%clk 00:56:44]} {[%emt 00:00:11]} Rc5+ {[%clk 00:03:49]}
{[%emt 00:00:45]} 44. Kb4 {[%clk 00:53:55]} {[%emt 00:03:20]} Rb5+ {[%clk
00:01:17]} {[%emt 00:03:03]} 45. Kxa4 {[%clk 00:52:48]} {[%emt 00:01:37]} Rd5
{[%clk 00:01:46]} 46. Rxh5 {[%clk 00:51:31]} {[%emt 00:01:47]} Rd4+ {[%clk
00:02:10]} {[%emt 00:00:06]} 47. Kb3 {[%clk 00:51:58]} {[%emt 00:00:04]} Rd3+
{[%clk 00:02:38]} {[%emt 00:00:02]} 48. Kc4 {[%clk 00:52:25]} {[%emt 00:00:04]}
Rxf3 {[%clk 00:02:59]} {[%emt 00:00:08]} 49. Rg5 {[%clk 00:52:52]} {[%emt
00:00:03]} f4 {[%clk 00:01:54]} {[%emt 00:01:35]} 50. g4 {[%clk 00:53:12]}
{[%emt 00:00:10]} Ra3 {[%clk 00:00:48]} {[%emt 00:01:35]} 51. Kd4 {[%clk
00:52:54]} {[%emt 00:00:49]} f3 {[%clk 00:00:59]} {[%emt 00:00:19]} 52. Rf5
{[%clk 00:50:39]} {[%emt 00:02:44]} Ra4+ {[%clk 00:01:11]} {[%emt 00:00:18]} 53.
Ke3 {[%clk 00:51:05]} {[%emt 00:00:04]} Rxg4 {[%clk 00:01:25]} {[%emt
00:00:16]} 54. h5 {[%clk 00:51:32]} {[%emt 00:00:04]} Ra4 {[%clk 00:00:49]}
{[%emt 00:01:05]} 55. h6 {[%clk 00:41:40]} {[%emt 00:10:23]} Rxa2 {[%clk
00:00:52]} {[%emt 00:00:27]} 56. Kxf3 {[%clk 00:40:29]} {[%emt 00:01:41]} Rh2
{[%clk 00:00:53]} {[%emt 00:00:28]} 57. Rf6 {[%clk 00:40:56]} {[%emt 00:00:03]}
Kb5 {[%clk 00:00:45]} {[%emt 00:00:38]} 58. Kg4 {[%clk 00:41:14]} {[%emt
00:00:12]} c5 {[%clk 00:00:46]} {[%emt 00:00:30]} 59. Kg5 {[%clk 00:41:38]}
{[%emt 00:00:05]} c4 {[%clk 00:00:55]} {[%emt 00:00:21]} 60. Rf5+ {[%clk
00:41:35]} {[%emt 00:00:34]} Kb4 {[%clk 00:00:51]} {[%emt 00:00:33]} 61. Rf4
{[%clk 00:41:59]} {[%emt 00:00:07]} Kb3 {[%clk 00:00:57]} {[%emt 00:00:23]} 62.
Rh4 {[%clk 00:42:17]} {[%emt 00:00:12]} Rxh4 {[%clk 00:01:18]} {[%emt
00:00:10]} 63. Kxh4 {[%clk 00:42:43]} {[%emt 00:00:04]} c3 {[%clk 00:01:40]}
{[%emt 00:00:08]} 64. h7 {[%clk 00:43:09]} {[%emt 00:00:03]} c2 {[%clk
00:02:06]} {[%emt 00:00:04]} 65. h8=Q {[%clk 00:43:36]} {[%emt 00:00:03]} c1=Q
{[%clk 00:02:25]} {[%emt 00:00:11]} 66. Qb8+ {[%clk 00:44:03]} {[%emt
00:00:02]} Kc3 {[%clk 00:02:41]} {[%emt 00:00:14]} 67. Qc7+ {[%clk 00:44:29]}
{[%emt 00:00:05]} Kb2 {[%clk 00:03:06]} {[%emt 00:00:05]} 68. Qxc1+ {[%clk
00:44:56]} {[%emt 00:00:04]} Kxc1 {[%clk 00:02:55]} {[%emt 00:00:08]}  1/2-1/2